000
00495nam a2200157Ia 4500
008
100204s9999 xx 000 0 und d
082
_b
28970
100
_a
मोने उत्तरा
245
_a
छंद माझा वेगळा
250
_a
0
260
_b
"नवचैतन्य प्रकाशन, मुंबई"
_c
2008
300
_a
96
630
_a
छंद माझा वेगळा
730
_a
छंद माझा वेगळा
942
_c
BOOK
999
_c
474161
_d
474158